000 00519nam a22001577a 4500
005 20251108170905.0
008 250721s1984 xx 000 0 ara d
082 1 4 _a745.619956/عبا
100 1 _aالعباسي، يحيى سلوم
245 1 0 _aالخط العربي :
_bتاريخه و أنواعه مزين باللوحات الخطية و الصور /
264 1 _aبغداد :
_bمكتبة النهضة،
_c1984.
300 _a304ص
650 1 7 _aالخط العربي
942 _2ddc
_cBK
999 _c51436
_d51436